[Event "Politiken Cup 35th"]
[Site "Helsingor"]
[Date "2013.07.28"]
[Round "3"]
[White "Brorsen, Jacob Abildlund"]
[Black "Philipsen, William Horup"]
[Result "1-0"]
[WhiteElo "2142"]
[BlackElo "1922"]
[PlyCount "79"]
[EventDate "2013.07.27"]
[EventType "swiss"]
[EventRounds "10"]
[EventCountry "DEN"]
[SourceTitle "CBM 155 Extra"]
[Source "ChessBase"]
[SourceDate "2013.08.26"]
[SourceVersion "1"]
[SourceVersionDate "2013.08.26"]
[SourceQuality "1"]

1. d4 d5 2. c4 e5 3. dxe5 d4 4. Nf3 Nc6 5. Bf4 Nge7 6. a3 Ng6 7. Bg3 Be6 8. Nbd2 Qd7 9. Rc1 Be7 10. b4 f6 11. exf6 Bxf6 12. Ne4 Be7 13. Qa4 Bf5 14. Ned2 Bf6 15. Qb3 0-0 16. b5 Nce5 17. c5+ Kh8 18. Bxe5 Nxe5 19. g3 Rae8 20. Nxe5 Rxe5 21. Bg2 Bg4 22. f3 Re3 23. Qb4 Rfe8 24. 0-0 Bf5 25. Rf2 d3 26. exd3 Bxd3 27. Nf1 Bd4 28. Kh1 R3e5 29. Rd2 Be3 30. Nxe3 Rxe3 31. Rb2 Qd5 32. Rf2 Be2 33. Kg1 Bxf3 34. Rcf1 Rf8 35. c6 Rf6 36. cxb7 Qxb7 37. Qd4 Qe4 38. Qd8+ Qe8 39. Qxe8+ Rxe8 40. Rxf3 1-0

[Event "Politiken Cup 34th"]
[Site "Helsingor"]
[Date "2012.08.04"]
[Round "9"]
[White "Philipsen, William Horup"]
[Black "Percivaldi, Martin"]
[Result "1-0"]
[WhiteElo "1905"]
[BlackElo "2015"]
[PlyCount "69"]
[EventDate "2012.07.28"]
[EventType "swiss"]
[EventRounds "10"]
[EventCountry "DEN"]
[SourceTitle "CBM 149 Extra"]
[Source "ChessBase"]
[SourceDate "2012.08.24"]
[SourceVersion "1"]
[SourceVersionDate "2012.08.24"]
[SourceQuality "1"]

1. e4 c5 2. d4 cxd4 3. c3 dxc3 4. Nxc3 Nc6 5. Nf3 d6 6. Bc4 a6 7. 0-0 Nf6 8. Qe2 Bg4 9. Rd1 e6 10. Bf4 Nh5 11. Be3 Ne5 12. Bb5+ axb5 13. Qxb5+ Nd7 14. e5 Bxf3 15. gxf3 d5 16. Nxd5 exd5 17. Rxd5 Ra5 18. Qxa5 Qxa5 19. Rxa5 g6 20. Rd1 Bg7 21. Bg5 f6 22. e6 Nf8 23. e7 Kxe7 24. Bd2 f5 25. Ra7 Nf6 26. Rxb7+ N8d7 27. Bb4+ Kd8 28. Bc3 Kc8 29. Bxf6 Bxf6 30. Rdxd7 h6 31. Rdc7+ Kd8 32. Rf7 Be5 33. a4 Kc8 34. a5 Rd8 35. a6 1-0

[Event "Politiken Cup 34th"]
[Site "Helsingor"]
[Date "2012.07.29"]
[Round "2"]
[White "Lie, Terje"]
[Black "Philipsen, William Horup"]
[Result "0-1"]
[WhiteElo "1626"]
[BlackElo "1905"]
[PlyCount "56"]
[EventDate "2012.07.28"]
[EventType "swiss"]
[EventRounds "10"]
[EventCountry "DEN"]
[SourceTitle "CBM 149 Extra"]
[Source "ChessBase"]
[SourceDate "2012.08.24"]
[SourceVersion "1"]
[SourceVersionDate "2012.08.24"]
[SourceQuality "1"]

1. d4 d5 2. c4 e5 3. dxe5 d4 4. Nf3 Nc6 5. Bf4 Nge7 6. Nbd2 Ng6 7. Bg3 Bc5 8. a3 a5 9. Ne4 Ba7 10. Qd2 Bf5 11. Neg5 Qe7 12. h4 Rd8 13. h5 Ngxe5 14. Nxe5 Nxe5 15. Qxa5 Nd3+ 16. Kd1 Qxg5 17. exd3 Bg4+ 18. f3 Qxa5 19. fxg4 0-0 20. Be2 Rfe8 21. Bf3 Re3 22. Kc2 b5 23. Rae1 bxc4 24. Rxe3 dxe3 25. Be4 cxd3+ 26. Bxd3 Qd2+ 27. Kb1 Rxd3 28. Bf4 Bd4 0-1

[Event "Copenhagen Challenge"]
[Site "Ballerup"]
[Date "2012.05.06"]
[Round "8"]
[White "Pallesen, Jacob"]
[Black "Philipsen, William Horup"]
[Result "0-1"]
[WhiteElo "1985"]
[BlackElo "1895"]
[PlyCount "56"]
[EventDate "2012.05.02"]
[EventType "swiss"]
[EventRounds "9"]
[EventCountry "DEN"]
[SourceTitle "CBM 148 Extra"]
[Source "ChessBase"]
[SourceDate "2012.06.22"]
[SourceVersion "1"]
[SourceVersionDate "2012.06.22"]
[SourceQuality "1"]

1. d4 d5 2. c4 e5 3. dxe5 d4 4. Nf3 Nc6 5. g3 Nge7 6. Bg2 Ng6 7. 0-0 Bg4 8. Nbd2 Qd7 9. a3 Bh3 10. b4 Bxg2 11. Kxg2 Qg4 12. Nb3 0-0-0 13. h3 Qf5 14. Qd3 Qd7 15. Bf4 f6 16. exf6 Nxf4+ 17. gxf4 gxf6 18. b5 Rg8+ 19. Kh2 Bd6 20. Nh4 Bxf4+ 21. Kh1 Rg3 22. fxg3 Qxh3+ 23. Kg1 Be3+ 24. Rf2 Qxg3+ 25. Ng2 Ne5 26. Qf5+ Kb8 27. Kf1 Ng4 28. Rf3 Nh2# 0-1